000 00562cam a22001935a 4500
001 L141439
008 071126s1969 xxk a f 000 0deng d
035 _a(Sirsi) u141439
041 0 _aeng
050 0 4 _a920 $2 18
110 2 _aDonaldson and Sons
_95461
245 0 0 _aCentenary review
_b1869/1969
260 _aS.l.
_bDonaldson & Sons
_c1969
300 _a20 p.
_bill.
_c21 cm.
520 _aA history of the firm of Donaldson & Sons from 1869 to 1969.
651 4 _aUnited Kingdom
_y
690 _aABOUT RICS-RICS MEMBERS-CHARTERED SURVEYORS
942 _n0
999 _c107665
_d107665